000 01547cam a22004694i 4500
003 PE-LiUPU
005 20250731173502.0
008 150616s r 000 0 d
020 _a0664255094
035 _a(Sirsi) i9780664255091
040 _aPE-LiUPU
_bspa
_cPE-LiUPU
_erda
049 _aPRUA
082 0 4 _a291.23
_bH47
_221
100 1 _aHick, John,
_eautor.
245 1 0 _aDeath and Eternal Life.
264 1 _aLouisville, Kentucky :
_bWestminster/John Knox Press,
_c1994.
300 _a495 páginas ;
_c22 centímetros
336 _atext
_2rdacontent
337 _aunmediated
_2rdamedia
338 _avolume
_2rdacarrier
504 _aIncluye bibliografía.
505 0 _aThe contemporary situation -- Christian approaches -- Western and eastern pareschatologies -- A possible human destiny.
526 _aSEG42
526 _aSEG41
526 _aSEG40
526 _aSEG39
526 _aP94
526 _aP87
526 _aP86
526 _aP85
526 _aP77
526 _aP76
526 _aP35
650 0 4 _aVIDA FUTURA.
910 _ajck
_bjvq
_cjck
942 _2ddc
_cBOOK
949 _a291.23 H47
_wDEWEY
_c1
_i40336
_lCCODEBUL1
_mBUL
_r0
_sY
_tBOOK
_u2015-6-16
_xTEOLOGIA
_zUNKNOWN
_0COMPRA
_o.STAFF. Colección General
994 _aC0
_bPEPRU
596 _a1
999 _a291.23 H47
_wDEWEY
_c58140
_i40336
_f2021-11-11
_g6
_lCCODEBUL1
_mBUL
_r0
_sY
_tBOOK
_u2015-6-16
_xTEOLOGIA
_zUNKNOWN
_0COMPRA
_o.STAFF. Colección General
_d58140
980 _81
_gALBERTO SANCHEZ Responsable de Automatización